(Record no. 187877)
[ view plain ]
| 000 -CABECERA | |
|---|---|
| campo de control de longitud fija | 01752nam a2200241Ia 4500 |
| 001 - NÚMERO DE CONTROL | |
| campo de control | IA_Based on the methodology proposed composed of a mixed research (documentary and field) adapted for the productive area of mango, the following results were obtained: to implement this project requires an investment in fixed assets and deferred of 6,790,249.00 and an initial working capital of 764,816.00, these investments can be covered by resources of the partners (12.8%), by the Delegation SAGARPA (69.4%) and Financiera Nacional (17.8%). Under these conditions it was determined that the project is economically viable with a NPV of 5,883,626.01 and an IRR of 122.93% and, calculated with an update factor of 20%. Likewise, a B / C ratio of 1.13 was calculated. It is concluded that with the formal organization of the partner producers and the use of technologies that allow the increase of prod |
| 008 - DATOS DE LONGITUD FIJA--INFORMACIÓN GENERAL | |
| campo de control de longitud fija | 220117s xx 000 0 und d |
| 010 ## - NÚMERO DE CONTROL DE LA BIBLIOTECA DEL CONGRESO | |
| Número de control de LC | 187877 |
| 530 ## - NOTA DE FORMATO FÍSICO ADICIONAL DISPONIBLE | |
| Nota de formato físico adicional disponible | Disponible en PDF |
| 583 ## - NOTA DE ACCIÓN | |
| Acción | 1 ej. Imp. ; 2 ej. CD |
| 650 #0 - PUNTO DE ACCESO ADICIONAL DE MATERIA--TÉRMINO DE MATERIA | |
| Término de materia o nombre geográfico como elemento de entrada | Entrepreneurship |
| Subdivisión geográfica | Mexico |
| -- | Guerrero |
| -- | Ayutla de los Libres |
| 9 (RLIN) | 163513 |
| 650 #0 - PUNTO DE ACCESO ADICIONAL DE MATERIA--TÉRMINO DE MATERIA | |
| Término de materia o nombre geográfico como elemento de entrada | Iniciativa empresarial |
| Subdivisión geográfica | México |
| -- | Guerrero |
| -- | Ayutla de los Libres |
| 9 (RLIN) | 163514 |
| 650 #0 - PUNTO DE ACCESO ADICIONAL DE MATERIA--TÉRMINO DE MATERIA | |
| Término de materia o nombre geográfico como elemento de entrada | Mangifera indica |
| Subdivisión general | Industria y comercio |
| Subdivisión geográfica | México |
| 9 (RLIN) | 163515 |
| 650 #0 - PUNTO DE ACCESO ADICIONAL DE MATERIA--TÉRMINO DE MATERIA | |
| Término de materia o nombre geográfico como elemento de entrada | Mangifera indica |
| Subdivisión general | Industry and trade |
| Subdivisión geográfica | Mexico |
| 9 (RLIN) | 163516 |
| 650 ## - PUNTO DE ACCESO ADICIONAL DE MATERIA--TÉRMINO DE MATERIA | |
| Término de materia o nombre geográfico como elemento de entrada | Packing houses |
| 9 (RLIN) | 148403 |
| 650 ## - PUNTO DE ACCESO ADICIONAL DE MATERIA--TÉRMINO DE MATERIA | |
| Término de materia o nombre geográfico como elemento de entrada | Plantas empacadoras |
| 9 (RLIN) | 148404 |
| 700 ## - PUNTO DE ACCESO ADICIONAL--NOMBRE DE PERSONA | |
| Nombre de persona | Altamirano Cárdenas, J. Reyes, asesor |
| 9 (RLIN) | 163676 |
| 700 ## - PUNTO DE ACCESO ADICIONAL--NOMBRE DE PERSONA | |
| Nombre de persona | Covarrubias Gutiérrez, Ignacio, asesor |
| 9 (RLIN) | 163806 |
| 700 ## - PUNTO DE ACCESO ADICIONAL--NOMBRE DE PERSONA | |
| Nombre de persona | Velázquez Castillo, Alejandra, dir. |
| 9 (RLIN) | 155070 |
| 942 ## - ELEMENTOS DE PUNTO DE ACCESO ADICIONAL (KOHA) | |
| Tipo de ítem Koha | |
No items available.
